Southville International School and Colleges
Your cart is empty.
  • Cart
  • Lists
    Public lists Eva Luna New books Lux_list list_1
    Your lists Log in to create your own lists
  • Log in to your account
  • Your cookies
  • Search history
Southville International School and Colleges
  • Advanced search
  • Recent comments
  • Most popular
  • Libraries

Log in to your account

Log in with GOOGLE


If you do not have an external account, but do have a local account, you can still log in:

  1. Home
  2. MARC view: The Feldman method:
Normal view MARC view ISBD view

The Feldman method: (Record no. 284586)

[ view plain ]
MARC details
000 -LEADER
fixed length control field 00749nam a2200241 4500
001 - CONTROL NUMBER
control field 764512
003 - CONTROL NUMBER IDENTIFIER
control field PILC
005 - DATE AND TIME OF LATEST TRANSACTION
control field 20150603112931.0
008 - FIXED-LENGTH DATA ELEMENTS--GENERAL INFORMATION
fixed length control field 700105s1969 nyu 000 0beng
010 ## - LIBRARY OF CONGRESS CONTROL NUMBER
LC control number 70092025
040 ## - CATALOGING SOURCE
Original cataloging agency DLC
Transcribing agency DLC
Modifying agency DLC
050 00 - LIBRARY OF CONGRESS CALL NUMBER
Classification number HG 8098
Item number .T52 1969
082 00 - DEWEY DECIMAL CLASSIFICATION NUMBER
Classification number 368/.00924
100 1# - MAIN ENTRY--PERSONAL NAME
Personal name Thomson, Andrew H.
245 14 - TITLE STATEMENT
Title The Feldman method:
Remainder of title the words and working philosophy of the world's greatest insurance salesman /
Statement of responsibility, etc Andrew H. Thomson.
260 ## - PUBLICATION, DISTRIBUTION, ETC. (IMPRINT)
Place of publication, distribution, etc Lynbrook, N.Y. :
Name of publisher, distributor, etc Farnsworth Pub. Co.m
Date of publication, distribution, etc 1969.
300 ## - PHYSICAL DESCRIPTION
Extent viii, 227 pages ;
Dimensions 21 cm.
350 ## - PRICE (NR) (BK AM CF MU VM SE) [OBSOLETE]
Price 8.95
600 10 - SUBJECT ADDED ENTRY--PERSONAL NAME
Personal name Feldman, Ben,
Dates associated with a name 1912-
650 #0 - SUBJECT ADDED ENTRY--TOPICAL TERM
Topical term or geographic name as entry element Insurance
General subdivision Agents.
906 ## - LOCAL DATA ELEMENT F, LDF (RLIN)
a 7
b cbc
c orignew
d u
e ncip
f 19
g y-gencatlg
942 ## - ADDED ENTRY ELEMENTS (KOHA)
Source of classification or shelving scheme Library of Congress Classification
Koha item type Books
Call number prefix Foreign
Holdings
Withdrawn status Lost status Source of classification or shelving scheme Damaged status Home library Current library Shelving location Date acquired Source of acquisition Total Checkouts Full call number Barcode Date last seen Price effective from Koha item type
    Library of Congress Classification   Archives Archives   06/03/2015 Donation   HG 8098 .T52 1969 C19519 05/15/2018 06/03/2015 Books

The Feldman method:

APA

Thomson A. H., . (1969). The Feldman method. Lynbrook, N.Y: Farnsworth Pub. Co.m.

Chicago

Thomson Andrew H, . 1969. The Feldman method. Lynbrook, N.Y: Farnsworth Pub. Co.m.

Harvard

Thomson A. H., . (1969). The Feldman method. Lynbrook, N.Y: Farnsworth Pub. Co.m.

MLA

Thomson Andrew H, . The Feldman method. Lynbrook, N.Y: Farnsworth Pub. Co.m. 1969.

  • Place hold
  • Print
  • Cite
  • Add to your cart (remove)
  • Save record
    BIBTEX Dublin Core MARCXML MARC (non-Unicode/MARC-8) MARC (Unicode/UTF-8) MARC (Unicode/UTF-8, Standard) MODS (XML) RIS
  • More searches
    Search for this title in:
    Other Libraries (WorldCat) Other Databases (Google Scholar) Online Stores (Bookfinder.com) Open Library (openlibrary.org)

Exporting to Dublin Core...

SOUTHVILLE LIBRARY

Southville International School and Colleges Library

1281 Tropical Ave. Cor. Luxembourg St., BF Homes International, Las Pinas City

Tel. No. 8256374 / 252358 Loc. 117/146

Powered by Koha